| 000 | 00950nam a2200205Ii 4500 | ||
|---|---|---|---|
| 003 | JO-AjNU | ||
| 008 | 230605s9999||||xx |||||||||||||| ||und|| | ||
| 040 |
_aJO-AjNU _bara _erda _cJO-AjNU |
||
| 041 | _aara | ||
| 050 | 1 | 4 | _aLC4601.R5912 1999 |
| 100 | 3 |
_aريزو.ف،جوزيف مؤلف/زابل.هـ،روبرت م.مشارك/الشخص،عبد العزيز السيد مترجم/السرطاوي،زيدان أحمد مترجم, _eauthor _922844 |
|
| 245 | 0 | 0 | _aتربية الأطفال و المراهقين المضطربين سلوكيا (النظرية والتطبيق) الجزء الثاني |
| 250 | _aط1 | ||
| 264 | 3 | 1 | _aالعين:دار الكتاب الجامعي،1999 |
| 300 | _aج2، 418ص | ||
| 336 |
_atext _btxt _2rdacontent |
||
| 337 |
_aunmediated _bn _2rdamedia |
||
| 338 |
_avolume _bnc _2rdacarrier |
||
| 650 | 4 |
_aالمراهقون-تعليم. المراهقة-جوانب نفسية-تربية الأطفال _922845 |
|
| 999 |
_aA8174 _c11742 _d11742 |
||